| 000 | 00497nam a2200181Ia 4500 | ||
|---|---|---|---|
| 001 | 23810 | ||
| 005 | 20260414151002.0 | ||
| 008 | 260414t2003||||xx |||||||||||||| ||spa|| | ||
| 041 | _aESP | ||
| 082 |
_a711.686 _bI59 |
||
| 110 | _aInstituto Colombiano de Productores de Cementos | ||
| 245 | 0 |
_aManual de diseño y construcción de los componentes del espacio público _b |
|
| 260 | _c2003 | ||
| 300 |
_a365 páginas : _c27 cm. |
||
| 650 | _aABD | ||
| 654 | _aCAU | ||
| 942 |
_cLIB _dJUS _fJUS _2ddc _n |
||
| 999 |
_c23810 _d23810 |
||